| 000 -ლიდერი |
| ფიქსირებული სიგრძის საკონტროლო ველი |
02009nam a22002537a 4500 |
| 003 - საკონტროლო ნომრის იდენტიფიკატორი |
| საკონტროლო ველი |
Ge_BSU |
| 005 - ბოლო ოპერაციის თარიღი და დრო |
| საკონტროლო ველი |
20191129121607.0 |
| 008 - ფიქსირებული სიგრძის მონაცემთა ელემენტები - ზოგადი ინფორმაცია |
| ფიქსირებული სიგრძის საკონტროლო ველი |
191129s2019 ge ||||| |||| 00| 0 geo d |
| 020 ## - წიგნის საერთაშორისო სტანდარტული ნომერი |
| International Standard Book Number |
9789941965289 (ყველა ტომის) |
| Terms of availability |
9789941962073 (მე-3 ტომის) |
| 041 ## - ენის კოდი |
| Language code of text/sound track or separate title |
geo |
| 080 ## - უნივერსალური ათობითი კლასიფიკაციის ინდექსი |
| Universal Decimal Classification number |
94(479.22)"1918.05"(094.1)+328(479.22)"1919"+329.141(479.22) ს-32 |
| 245 ## - ცნობა სათაურის შესახებ |
| Title |
საქართველოს დამფუძნებელი კრება : სხდომის ოქმები : 7 ტომად. |
| Remainder of title |
ტ. 3, 1919 წლის 28 ივლისი - 11 ნოემბერი / |
| Statement of responsibility, etc |
ტომის სარედ.საბჭ.ირაკლი იაკობაშვილი ; მზია ხოსიტაშვილი ; ემზარ ჯგერენაია. |
| 264 ## - წარმოების, გამოცემის, დისტრიბუციის და სხვა ცნობები |
| გამოცემის, წარმოების, დისტრიბუციის... ადგილი |
თბილისი : |
| გამოცემის, წარმოების, დისტრიბუციის... სახელწოდება |
საქ. პარლამენტის ეროვნული ბიბ-კა, |
| გამოცემის, წარმოების, დისტრიბუციის... თარიღი |
2019. |
| 300 ## - ფიზიკური აღწერა |
| Extent |
548 გვ. ; |
| Dimensions |
25 სმ. |
| 500 ## - ზოგადი შენიშვნა |
| General note |
პირთა საძიებელი: გვ. 503-541. ადგილთა საძიებელი: გვ. 543-546. |
| 504 ## - BIBLIOGRAPHY, ETC. NOTE |
| Bibliography, etc |
ბიბლიოგრაფია: გვ. 547. |
| 653 ## - INDEX TERM--UNCONTROLLED |
| Uncontrolled term |
საქართველოს სოციალ-დემოკრატიული პარტია. |
| 653 ## - INDEX TERM--UNCONTROLLED |
| Uncontrolled term |
საქართველოს დამფუძნებელი კრება |
| 653 ## - INDEX TERM--UNCONTROLLED |
| Uncontrolled term |
1918-1921 წლები -- საქართველოს დემოკრატიული რესპუბლიკა -- სხდომის ოქმები. |
| 700 ## - ADDED ENTRY--PERSONAL NAME |
| Personal name |
იაკობაშვილი, ირაკლი |
| Relator term |
სარედაქციო საბჭო |
| 9 (RLIN) |
5630 |
| 700 ## - ADDED ENTRY--PERSONAL NAME |
| Personal name |
ხოსიტაშვილი, მზია |
| Relator term |
სარედაქციო საბჭო |
| 9 (RLIN) |
5612 |
| 700 ## - ADDED ENTRY--PERSONAL NAME |
| Personal name |
ჯგერენაია, ემზარ |
| Relator term |
სარედაქციო საბჭო |
| 9 (RLIN) |
5613 |
| 942 ## - ADDED ENTRY ELEMENTS (KOHA) |
| Source of classification or shelving scheme |
|
| Koha item type |
წიგნი |